书目信息 |
| 题名: |
城市化与经济发展
|
|
| 作者: | 成德宁 著 | |
| 分册: | ||
| 出版信息: | 北京 科学出版社 2004 |
|
| 页数: | 300页 | |
| 开本: | 24cm | |
| 丛书名: | 人口、资源与环境经济学丛书 | |
| 单 册: | ||
| 中图分类: | F299.21 , F124 , F243.2 | |
| 科图分类: | ||
| 主题词: | 经济发展 , 城市化--关系--经济发展--中国--研究 , 劳动经济 | |
| 电子资源: | ||
| ISBN: | 7-03-013573-3 | |
| 000 | 01206nam0 2200337 450 | |
| 000 | 01163nam0 2200313 450 | |
| 000 | 01093nam0 2200289 450 | |
| 000 | 01056nam0 2200277 45 | |
| 005 | 20070525125652.09 | |
| 010 | @a7-03-013573-3@dCNY36.00 | |
| 100 | @a20070420d2004 em y0chiy0120 ea | |
| 101 | 0 | @achi |
| 102 | @aCN@b110000 | |
| 105 | @ay z 000yy | |
| 200 | 1 | @a城市化与经济发展@ACheng Shi Hua Yu Jing Ji Fa Zhan@e理论、模式与政策@ELi Lun、 Mo Shi Yu Zheng Ce@f成德宁著@FCheng De Ning Zhu |
| 210 | @a北京@c科学出版社@d2004 | |
| 215 | @a300页@d24cm | |
| 225 | 2 | @a人口、资源与环境经济学丛书 |
| 300 | @a教育部人文社会科学重大项目资助成果(项目编号:2001ZDXM790005) | |
| 330 | @a本书从劳动分工理论的视角分析城市化与经济发展之间的关系,涉及城市化的本质、城市化的原因与后果,城市化模式等的理论分析。 | |
| 410 | 0 | @12001 @a人口、资源与环境经济学丛书 |
| 510 | 1 | @aPopulation Resource Environmental Economics@zeng |
| 606 | 0 | @a经济发展 |
| 606 | 0 | @a城市化@x关系@x经济发展@y中国@x研究 |
| 606 | 0 | @a劳动经济 |
| 690 | @aF299.21@v4 | |
| 690 | @aF124@v4 | |
| 690 | @aF243.2@v3 | |
| 701 | 0 | @a成德宁@ACheng De Ning@4著 |
| 801 | 0 | @aCN@bTAOJIN@c20070525 |
| 905 | @a10447@dF243.2@e50 | |
| 城市化与经济发展:理论、模式与政策/成德宁著.-北京:科学出版社,2004 |
| 300页;24cm.-(人口、资源与环境经济学丛书) |
| 教育部人文社会科学重大项目资助成果(项目编号:2001ZDXM790005) |
| ISBN 7-03-013573-3:CNY36.00 |
| 本书从劳动分工理论的视角分析城市化与经济发展之间的关系,涉及城市化的本质、城市化的原因与后果,城市化模式等的理论分析。 |
| ● |
| 相关链接 |
|
|
|
|
正题名:城市化与经济发展
索取号:F243.2/50
 
预约/预借
| 序号 | 登录号 | 条形码 | 馆藏地/架位号 | 状态 | 备注 |
| 1 | 0522536 | 205225362 | 第一样本阅览室/ [索取号:F243.2/50] | 在馆 | |
| 2 | 0522537 | 205225371 | 第一借阅区/ [索取号:F243.2/50] | 在馆 | |
| 3 | 0522538 | 205225380 | 第一借阅区/ [索取号:F243.2/50] | 在馆 |